[Event "Helsinki-chA"]
[Site "Helsinki"]
[Date "2019.01.02"]
[Round "4"]
[White "Elomaa, Arto"]
[Black "Aberg, Tomi"]
[Result "1/2-1/2"]
[WhiteElo "2141"]
[BlackElo "2159"]
[PlyCount "103"]
[EventDate "2018.12.29"]
[EventType "tourn"]
[EventRounds "7"]
[EventCountry "FIN"]
[SourceTitle "EXT 2021"]
[Source "ChessBase"]
[SourceDate "2020.10.23"]
[SourceVersion "1"]
[SourceVersionDate "2020.10.23"]
[SourceQuality "1"]

1. d4 d5 2. Nf3 Nf6 3. c4 c6 4. cxd5 cxd5 5. Nc3 Nc6 6. Bf4 Bf5 7. e3 e6 8. Qb3 Bb4 9. Bb5 0-0 10. Bxc6 Bxc3+ 11. Qxc3 Rc8 12. Ne5 Ne4 13. Qa3 bxc6 14. 0-0 f6 15. Nd3 Nd2 16. Rfd1 Nc4 17. Qc3 Bxd3 18. Rxd3 Qe7 19. b3 Nb6 20. Rc1 Nd7 21. Qa5 e5 22. Bg3 exd4 23. exd4 f5 24. Re1 Qf6 25. Be5 Nxe5 26. Rxe5 Rfe8 27. Rde3 Rxe5 28. Rxe5 c5 29. h3 f4 30. Qc3 f3 31. Rxd5 fxg2 32. Rxc5 Rf8 33. Qe3 Qa6 34. Kxg2 h6 35. a4 Qg6+ 36. Kh2 Qd6+ 37. Kg2 Rf6 38. Re5 Rg6+ 39. Kh2 Qa6 40. Qe4 Qf6 41. Qf5 Qd6 42. Qf4 Qa6 43. Re8+ Kh7 44. Qb8 Rf6 45. Rh8+ Kg6 46. Qg3+ Kf7 47. Rd8 Qf1 48. Qc7+ Kg6 49. Qc2+ Kf7 50. Qc7+ Kg6 51. Qc2+ Kf7 52. Qc7+ 1/2-1/2

[Event "Helsinki-chA"]
[Site "Helsinki"]
[Date "2018.12.29"]
[Round "1"]
[White "Kauppala, Pekka"]
[Black "Aberg, Tomi"]
[Result "0-1"]
[WhiteElo "2063"]
[BlackElo "2159"]
[PlyCount "100"]
[EventDate "2018.12.29"]
[EventType "tourn"]
[EventRounds "7"]
[EventCountry "FIN"]
[SourceTitle "EXT 2021"]
[Source "ChessBase"]
[SourceDate "2020.10.23"]
[SourceVersion "1"]
[SourceVersionDate "2020.10.23"]
[SourceQuality "1"]

1. e4 c5 2. Nf3 d6 3. d4 cxd4 4. Qxd4 Nc6 5. Bb5 Bd7 6. Bxc6 Bxc6 7. Nc3 Nf6 8. Bg5 g6 9. Bxf6 exf6 10. Rd1 Be7 11. 0-0 0-0 12. Nd5 Re8 13. Rfe1 a6 14. c3 Bxd5 15. Qxd5 Qc7 16. Nd2 Bf8 17. Nc4 Re6 18. Qd4 Rae8 19. Ne3 Rxe4 20. Qxf6 R8e6 21. Qg5 R6e5 22. Qf6 Be7 23. Qf3 Bg5 24. Nc2 Rxe1+ 25. Rxe1 Qe7 26. Kf1 Rxe1+ 27. Nxe1 Qe6 28. a3 Qc4+ 29. Qe2 d5 30. g3 b5 31. Nf3 Bc1 32. b3 Qxc3 33. Qe8+ Kg7 34. Ne5 Qc7 35. Nd7 Bxa3 36. h4 h5 37. f4 Qc1+ 38. Kg2 Qc2+ 39. Kh3 Qe4 40. Qe5+ Qxe5 41. fxe5 a5 42. Kg2 Bb4 43. Nb6 d4 44. Kf3 Bc5 45. Nd7 Ba7 46. Nf6 a4 47. bxa4 bxa4 48. Ne4 a3 49. Nd2 a2 50. Nb3 d3 0-1

[Event "FIN-chT1A 1819"]
[Site "Finland"]
[Date "2018.09.16"]
[Round "2.1"]
[White "Aberg, Tomi"]
[Black "Laukkanen, Jere"]
[Result "1/2-1/2"]
[WhiteElo "2124"]
[BlackElo "2132"]
[PlyCount "28"]
[EventDate "2018.09.15"]
[EventType "team-tourn"]
[EventRounds "7"]
[EventCountry "FIN"]
[SourceTitle "EXT 2020"]
[Source "ChessBase"]
[SourceDate "2019.10.17"]
[SourceVersion "1"]
[SourceVersionDate "2019.10.17"]
[SourceQuality "1"]
[WhiteTeam "Helsinki Passi"]
[BlackTeam "Vaasa VSS"]
[WhiteTeamCountry "FIN"]
[BlackTeamCountry "FIN"]

1. e4 e5 2. Nf3 Nf6 3. Nxe5 Nxe4 4. Qe2 Qe7 5. Qxe4 d6 6. d4 dxe5 7. Qxe5 Qxe5+ 8. dxe5 Bf5 9. Bb5+ Nd7 10. Ba4 0-0-0 11. Bf4 c6 12. 0-0 Re8 13. Bb3 Nxe5 14. Bg3 f6 1/2-1/2

[Event "FIN-chT1B 1415"]
[Site "Finland"]
[Date "2015.03.14"]
[Round "7.1"]
[White "Seppanen, Ville"]
[Black "Aberg, Tomi"]
[Result "1/2-1/2"]
[WhiteElo "2023"]
[BlackElo "2134"]
[PlyCount "61"]
[EventDate "2014.09.27"]
[EventType "team-tourn"]
[EventRounds "7"]
[EventCountry "FIN"]
[SourceTitle "EXT 2017"]
[Source "ChessBase"]
[SourceDate "2016.10.25"]
[SourceVersion "1"]
[SourceVersionDate "2016.10.25"]
[SourceQuality "1"]
[WhiteTeam "Helsinki HSK II"]
[BlackTeam "Helsinki HSK"]
[WhiteTeamCountry "FIN"]
[BlackTeamCountry "FIN"]

1. d4 d5 2. c4 c6 3. Nf3 Nf6 4. Nc3 dxc4 5. a4 Bf5 6. e3 e6 7. Bxc4 Bb4 8. 0-0 0-0 9. Qe2 Bg6 10. Ne5 Nbd7 11. Nxg6 hxg6 12. Rd1 Qe7 13. e4 Rfd8 14. Bg5 e5 15. d5 Rac8 16. dxc6 bxc6 17. Rac1 Nf8 18. Qc2 Ne6 19. Bxe6 Qxe6 20. Rxd8+ Rxd8 21. Nd1 Rd6 22. f3 Qd7 23. Nf2 Bd2 24. Bxd2 Rxd2 25. Qxc6 Qd4 26. Qc8+ Kh7 27. Qh3+ Nh5 28. Rf1 Kg8 29. Qc8+ Kh7 30. Qh3 Kg8 31. Qc8+ 1/2-1/2

[Event "Helsinki Garde Spring Weekend A"]
[Site "Helsinki"]
[Date "2015.03.07"]
[Round "3"]
[White "Elomaa, Arto"]
[Black "Aberg, Tomi"]
[Result "1/2-1/2"]
[WhiteElo "2133"]
[BlackElo "2193"]
[PlyCount "51"]
[EventDate "2015.03.06"]
[EventType "swiss"]
[EventRounds "5"]
[EventCountry "FIN"]
[SourceTitle "EXT 2022"]
[Source "ChessBase"]
[SourceDate "2021.10.06"]
[SourceVersion "1"]
[SourceVersionDate "2021.10.06"]
[SourceQuality "1"]

1. e4 c5 2. Nf3 d6 3. Bb5+ Nc6 4. 0-0 Bd7 5. Re1 Nf6 6. h3 e6 7. c3 a6 8. Bf1 Be7 9. d4 cxd4 10. cxd4 d5 11. e5 Ne4 12. Nbd2 Nxd2 13. Bxd2 0-0 14. Re3 b5 15. Rc3 Qb6 16. Be3 a5 17. Ne1 Rfc8 18. Nd3 Rc7 19. Nc5 b4 20. Nxd7 Rxd7 21. Rc2 Rc7 22. Rac1 Rac8 23. Qd3 Na7 24. Rxc7 Rxc7 25. Rxc7 Qxc7 26. Qa6 1/2-1/2

[Event "Jyvaskyla We JyS"]
[Site "Jyvaskyla"]
[Date "2014.01.25"]
[Round "2"]
[White "Aberg, Tomi"]
[Black "Luukkonen, Tommi"]
[Result "0-1"]
[WhiteElo "2096"]
[BlackElo "2285"]
[PlyCount "76"]
[EventDate "2014.01.24"]
[EventType "swiss"]
[EventRounds "5"]
[EventCountry "FIN"]
[SourceTitle "EXT 2022"]
[Source "ChessBase"]
[SourceDate "2021.10.06"]
[SourceVersion "1"]
[SourceVersionDate "2021.10.06"]
[SourceQuality "1"]

1. d4 Nf6 2. c4 g6 3. Nc3 Bg7 4. e4 0-0 5. Nf3 d6 6. Be2 e5 7. 0-0 Nc6 8. d5 Ne7 9. Ne1 Nd7 10. Nd3 f5 11. f3 f4 12. b4 g5 13. Bd2 Rf7 14. c5 Nf6 15. b5 Bf8 16. a4 Rg7 17. c6 bxc6 18. dxc6 g4 19. Be1 g3 20. Nxe5 gxh2+ 21. Kxh2 Qe8 22. Bc4+ Kh8 23. Nd3 Nh5 24. Rh1 Ng3 25. Bxg3 fxg3+ 26. Kg1 Rg6 27. Ne2 Bg7 28. Ndf4 Rg5 29. Nd4 d5 30. exd5 Nxd5 31. Nxd5 Rxd5 32. Rxh7+ Kxh7 33. Bxd5 Qe3+ 34. Kh1 Bxd4 35. Be4+ Kg7 36. Qc1 Be6 37. Qxe3 Bxe3 38. Rd1 Rh8+ 0-1

[Event "Jyvaskyla We JyS"]
[Site "Jyvaskyla"]
[Date "2014.01.24"]
[Round "1"]
[White "Riihimaki, Pekka"]
[Black "Aberg, Tomi"]
[Result "0-1"]
[WhiteElo "1974"]
[BlackElo "2096"]
[PlyCount "60"]
[EventDate "2014.01.24"]
[EventType "swiss"]
[EventRounds "5"]
[EventCountry "FIN"]
[SourceTitle "EXT 2022"]
[Source "ChessBase"]
[SourceDate "2021.10.06"]
[SourceVersion "1"]
[SourceVersionDate "2021.10.06"]
[SourceQuality "1"]

1. e4 c5 2. Nf3 d6 3. d4 cxd4 4. Nxd4 Nf6 5. Nc3 a6 6. Bg5 e6 7. f4 Qb6 8. Qd2 Qxb2 9. Rb1 Qa3 10. e5 Nfd7 11. exd6 Qxd6 12. Ne4 Qd5 13. Qe3 Nc6 14. Rd1 Qa5+ 15. c3 Nxd4 16. Qxd4 f6 17. Bc4 Qb6 18. Bxf6 gxf6 19. Nxf6+ Ke7 20. Nd5+ exd5 21. Qxd5 Qe3+ 22. Be2 Bg7 23. Rd3 Qc5 24. Qe4+ Kd8 25. Kd2 Qc6 26. Qf5 Rf8 27. Qxh7 Qh6 28. Qxh6 Bxh6 29. g3 Kc7 30. Bf3 Ne5 0-1

[Event "Helsinki We Garde 9th Group A"]
[Site "Helsinki"]
[Date "2013.09.15"]
[Round "4"]
[White "Aberg, Tomi"]
[Black "Elomaa, Arto"]
[Result "1/2-1/2"]
[WhiteElo "2065"]
[BlackElo "2056"]
[PlyCount "101"]
[EventDate "2013.09.13"]
[EventType "swiss"]
[EventRounds "5"]
[EventCountry "FIN"]
[SourceTitle "EXT 2022"]
[Source "ChessBase"]
[SourceDate "2021.10.06"]
[SourceVersion "1"]
[SourceVersionDate "2021.10.06"]
[SourceQuality "1"]

1. e4 e5 2. Nf3 Nc6 3. Bb5 a6 4. Ba4 Nf6 5. 0-0 b5 6. Bb3 Nxe4 7. d4 d5 8. dxe5 Be6 9. Nbd2 Nc5 10. Re1 Be7 11. Nf1 0-0 12. Be3 Nxb3 13. axb3 Qd7 14. h3 f6 15. exf6 Bxf6 16. c3 b4 17. Bg5 bxc3 18. Bxf6 c2 19. Qxc2 Rxf6 20. Qe2 a5 21. Rac1 Rb8 22. Ng3 Bf7 23. Qd2 Rxb3 24. Rxc6 Rbxf3 25. Rxf6 Rxf6 26. Qxa5 h6 27. Rd1 Qc6 28. Qc3 Qxc3 29. bxc3 Ra6 30. Nf5 Ra3 31. Rd3 Bg6 32. Ne7+ Kf7 33. Nxg6 Kxg6 34. Kf1 c6 35. Ke2 Kf5 36. Ke3 g5 37. Kd4 Ra4+ 38. Kc5 Rc4+ 39. Kd6 h5 40. Rf3+ Kg6 41. Re3 Kf5 42. g3 Kf6 43. g4 hxg4 44. hxg4 Rxg4 45. Kxc6 d4 46. cxd4 Rxd4 47. Kc5 Rd2 48. Rf3+ Ke5 49. Kc4 Ke4 50. Rf8 Rc2+ 51. Kb4 1/2-1/2

[Event "Helsinki We Garde 9th Group A"]
[Site "Helsinki"]
[Date "2013.09.13"]
[Round "1"]
[White "Sipila, Markku"]
[Black "Aberg, Tomi"]
[Result "0-1"]
[WhiteElo "2011"]
[BlackElo "2065"]
[PlyCount "70"]
[EventDate "2013.09.13"]
[EventType "swiss"]
[EventRounds "5"]
[EventCountry "FIN"]
[SourceTitle "EXT 2022"]
[Source "ChessBase"]
[SourceDate "2021.10.06"]
[SourceVersion "1"]
[SourceVersionDate "2021.10.06"]
[SourceQuality "1"]

1. d4 d5 2. Nf3 Nf6 3. c4 c6 4. Nc3 dxc4 5. a4 Bf5 6. e3 e6 7. Bxc4 Bb4 8. 0-0 0-0 9. h3 h6 10. Qb3 Qe7 11. Bd2 a5 12. Rfe1 Bh7 13. Ne5 Nbd7 14. Rad1 Nxe5 15. dxe5 Nd7 16. Na2 Bxd2 17. Rxd2 Nxe5 18. Be2 Be4 19. Nc3 Bd5 20. Qc2 Qb4 21. Rd4 Qb6 22. f4 Ng6 23. Bh5 Ne7 24. Qf2 c5 25. Rd2 Rad8 26. Bd1 Bb3 27. Bxb3 Qxb3 28. Red1 Rxd2 29. Qxd2 Nd5 30. Rc1 Qb4 31. e4 Nxc3 32. Rxc3 b6 33. Qc2 Qd4+ 34. Kh2 Rd8 35. Rb3 Qxa4 0-1

[Event "Helsinki We EtVaS"]
[Site "Helsinki"]
[Date "2013.??.??"]
[Round "5"]
[White "Aberg, Tomi"]
[Black "Jarvenpaa, Jari"]
[Result "0-1"]
[WhiteElo "2065"]
[BlackElo "2273"]
[PlyCount "78"]
[EventDate "2013.??.??"]
[EventType "swiss"]
[EventRounds "5"]
[EventCountry "FIN"]
[SourceTitle "EXT 2022"]
[Source "ChessBase"]
[SourceDate "2021.10.06"]
[SourceVersion "1"]
[SourceVersionDate "2021.10.06"]
[SourceQuality "1"]

1. e4 d6 2. d4 Nf6 3. Nc3 e5 4. Nf3 Nbd7 5. Bc4 Be7 6. 0-0 0-0 7. Qe2 c6 8. Rd1 Qc7 9. a4 a5 10. h3 exd4 11. Nxd4 Re8 12. Bf4 Ne5 13. Bb3 b6 14. Nf5 Bf8 15. Qd2 Bxf5 16. exf5 d5 17. Bg5 Ned7 18. g4 Bb4 19. Bf4 Ne5 20. Kg2 Rad8 21. Qd4 Bc5 22. Bxe5 Rxe5 23. Qf4 Bd6 24. Qf3 Rde8 25. Rd3 Ne4 26. h4 Bc5 27. Rf1 Qe7 28. Qh3 Nf6 29. g5 Nd7 30. Bxd5 cxd5 31. Nxd5 Qd8 32. f6 R8e6 33. Rfd1 Re2 34. Rf3 Qa8 35. fxg7 Kxg7 36. Qf5 Ne5 37. Rf4 Be3 38. Kf1 Bxf4 39. Kxe2 Qa6+ 0-1

[Event "Espoo MatSK Weekend A"]
[Site "Espoo"]
[Date "2011.02.27"]
[Round "4"]
[White "Aberg, Tomi"]
[Black "Elomaa, Arto"]
[Result "1/2-1/2"]
[WhiteElo "2043"]
[BlackElo "1873"]
[PlyCount "88"]
[EventDate "2011.02.25"]
[EventType "swiss"]
[EventRounds "5"]
[EventCountry "FIN"]
[SourceTitle "EXT 2022"]
[Source "ChessBase"]
[SourceDate "2021.10.06"]
[SourceVersion "1"]
[SourceVersionDate "2021.10.06"]
[SourceQuality "1"]

1. e4 e5 2. Nf3 Nf6 3. Nxe5 Qe7 4. d4 d6 5. Nf3 Nxe4 6. Be2 Bf5 7. c4 Nd7 8. 0-0 0-0-0 9. Re1 Qf6 10. Nc3 Nxc3 11. bxc3 h6 12. Qa4 a6 13. Bf4 g5 14. Bg3 Bg7 15. c5 dxc5 16. dxc5 Nxc5 17. Qc4 Ne6 18. Ne5 Qe7 19. Qxa6 bxa6 20. Bxa6+ Kb8 21. Nc6+ Ka8 22. Nxe7 Bd3 23. Bxd3 Rxd3 24. Be5 Re8 25. Bxg7 Rxe7 26. Be5 Red7 27. h3 Rd2 28. Re3 f5 29. Bf6 Nf4 30. Rb1 Rd1+ 31. Rxd1 Rxd1+ 32. Kh2 Rd2 33. Bd4 Kb7 34. Re5 Rxa2 35. Rxf5 Ra6 36. Rf6 Rxf6 37. Bxf6 Kc6 38. Bg7 h5 39. Be5 Ne6 40. Kg3 Kd5 41. f4 Ke4 42. Bxc7 gxf4+ 43. Bxf4 Nxf4 44. Kh4 Nxg2+ 1/2-1/2

[Event "Espoo MatSK Weekend A"]
[Site "Espoo"]
[Date "2011.02.27"]
[Round "5"]
[White "Aberg, Tomi"]
[Black "Paajala, Niki"]
[Result "1-0"]
[WhiteElo "2043"]
[BlackElo "1997"]
[PlyCount "63"]
[EventDate "2011.02.25"]
[EventType "swiss"]
[EventRounds "5"]
[EventCountry "FIN"]
[SourceTitle "EXT 2022"]
[Source "ChessBase"]
[SourceDate "2021.10.06"]
[SourceVersion "1"]
[SourceVersionDate "2021.10.06"]
[SourceQuality "1"]

1. e4 d5 2. exd5 Qxd5 3. Nc3 Qa5 4. d4 Nf6 5. Nf3 c6 6. Ne5 Bf5 7. Bc4 e6 8. 0-0 Bd6 9. g4 Bg6 10. Qe2 Bxe5 11. dxe5 Nfd7 12. f4 Bxc2 13. f5 Qxe5 14. fxe6 fxe6 15. Qxc2 Qc5+ 16. Qf2 Qxc4 17. Qf7+ Kd8 18. Qxg7 Re8 19. Rf7 Kc8 20. Bf4 Qc5+ 21. Kh1 Rf8 22. Ne4 Rxf7 23. Qxf7 Qf8 24. Nd6+ Kd8 25. Nxb7+ Kc8 26. Nd6+ Kd8 27. Bg5+ Kc7 28. Ne8+ Kb7 29. Qxe6 Qf3+ 30. Kg1 Nc5 31. Qc4 Ne4 32. Qxe4 1-0

[Event "FIN-chT1C 0910"]
[Site "Finland"]
[Date "2009.09.??"]
[Round "1.2"]
[White "Aberg, Tomi"]
[Black "Haataja, Riku"]
[Result "1/2-1/2"]
[WhiteElo "2051"]
[BlackElo "2178"]
[PlyCount "97"]
[EventDate "2009.09.19"]
[EventType "team-tourn"]
[EventRounds "7"]
[EventCountry "FIN"]
[SourceTitle "EXT 2022"]
[Source "ChessBase"]
[SourceDate "2021.10.06"]
[SourceVersion "1"]
[SourceVersionDate "2021.10.06"]
[SourceQuality "1"]
[WhiteTeam "Paivola Passi"]
[BlackTeam "Raahe Li"]
[WhiteTeamCountry "FIN"]
[BlackTeamCountry "FIN"]

1. d4 f5 2. g3 g6 3. Bg2 Bg7 4. Nf3 Nf6 5. 0-0 0-0 6. c4 d6 7. Nc3 Qe8 8. Qb3 c6 9. d5 Na6 10. Be3 Kh8 11. Rad1 Ng4 12. Bd4 Bxd4 13. Nxd4 c5 14. Ndb5 Qf7 15. h3 Nf6 16. f4 Bd7 17. Kh2 Rfc8 18. Rde1 Nc7 19. e4 Nxb5 20. Nxb5 fxe4 21. Bxe4 Nxe4 22. Rxe4 Bxb5 23. Qxb5 Rc7 24. Qb3 a6 25. Rfe1 Qg7 26. R1e2 Kg8 27. Qe3 Re8 28. a4 b5 29. axb5 axb5 30. b3 bxc4 31. bxc4 Rb7 32. h4 Rb2 33. Kh3 Rxe2 34. Qxe2 Kf8 35. f5 gxf5 36. Rf4 Kg8 37. Rxf5 Kh8 38. Qf3 Rg8 39. Qf4 Qa1 40. Qe4 Qg7 41. Qf3 Qa1 42. Rf7 Qe1 43. h5 Qe5 44. h6 Rxg3+ 45. Qxg3 Qh5+ 46. Qh4 Qxf7 47. Qg5 Qf1+ 48. Kh2 Qf7 49. Kh3 1/2-1/2

[Event "Helsinki We HSL 11th"]
[Site "Helsinki"]
[Date "2009.??.??"]
[Round "5"]
[White "Aberg, Tomi"]
[Black "Norri, Joose"]
[Result "1-0"]
[WhiteElo "2039"]
[BlackElo "2356"]
[PlyCount "101"]
[EventDate "2009.??.??"]
[EventType "swiss"]
[EventRounds "5"]
[EventCountry "FIN"]
[SourceTitle "EXT 2022"]
[Source "ChessBase"]
[SourceDate "2021.10.06"]
[SourceVersion "1"]
[SourceVersionDate "2021.10.06"]
[SourceQuality "1"]

1. d4 Nf6 2. c4 e6 3. Nf3 d5 4. Nc3 Be7 5. Bg5 h6 6. Bh4 0-0 7. e3 b6 8. Bd3 dxc4 9. Bxc4 Bb7 10. 0-0 Nbd7 11. Qe2 a6 12. Rfd1 Ne4 13. Bg3 Nxg3 14. hxg3 b5 15. Bd3 Qb8 16. Ne5 Nf6 17. f4 c5 18. g4 cxd4 19. exd4 Qa7 20. Kh2 Nd5 21. Nxd5 Bxd5 22. g5 f6 23. Ng6 fxg5 24. Nxf8 Rxf8 25. Be4 Rxf4 26. Bxd5 exd5 27. Qe6+ Kh7 28. Rac1 Qb8 29. g3 Rf3 30. Qg4 Qf8 31. Kg2 Rf2+ 32. Kg1 Qf3 33. Qxf3 Rxf3 34. Kg2 g4 35. Rf1 Rd3 36. Rcd1 Rxd1 37. Rxd1 Kg6 38. Re1 Bf6 39. Re6 Kf5 40. Rxa6 Bxd4 41. Ra5 Ke4 42. Rxb5 Be3 43. a4 d4 44. a5 d3 45. Rb4+ Kd5 46. Kf1 h5 47. a6 g5 48. Rb5+ Kc4 49. Rxg5 Kb3 50. Rd5 Kc2 51. Rd7 1-0

[Event "Helsinki We HSL 11th"]
[Site "Helsinki"]
[Date "2009.??.??"]
[Round "3"]
[White "Hurme, Harri M"]
[Black "Aberg, Tomi"]
[Result "1/2-1/2"]
[WhiteElo "2250"]
[BlackElo "2039"]
[PlyCount "106"]
[EventDate "2009.??.??"]
[EventType "swiss"]
[EventRounds "5"]
[EventCountry "FIN"]
[SourceTitle "EXT 2022"]
[Source "ChessBase"]
[SourceDate "2021.10.06"]
[SourceVersion "1"]
[SourceVersionDate "2021.10.06"]
[SourceQuality "1"]

1. d4 d5 2. c4 dxc4 3. e3 Nf6 4. Bxc4 e6 5. Nf3 c5 6. 0-0 a6 7. Qe2 b5 8. Bd3 cxd4 9. exd4 Bb7 10. Rd1 Be7 11. a4 b4 12. Nbd2 0-0 13. Nc4 Nc6 14. Be3 Nd5 15. Nfe5 Nxe3 16. fxe3 Nxe5 17. Nxe5 Bd6 18. Qg4 f5 19. Qg3 Rc8 20. Rac1 Rxc1 21. Rxc1 Qa8 22. h4 Be4 23. Bc4 Bd5 24. b3 Rc8 25. h5 Bxc4 26. h6 g6 27. bxc4 Qe4 28. c5 Bxe5 29. Qxe5 Qxe5 30. dxe5 Kf7 31. Kf2 g5 32. Ke2 b3 33. c6 Kg6 34. Kd3 b2 35. Rb1 Rxc6 36. Rxb2 Rc5 37. e4 Rxe5 38. exf5+ Kxf5 39. Rb7 Kg6 40. Rb6 Kxh6 41. Rxa6 Kg6 42. a5 h5 43. Ra8 Kf5 44. Kc4 Re2 45. a6 Ra2 46. Kb5 Rxg2 47. Rf8+ Kg4 48. a7 Ra2 49. a8Q Rxa8 50. Rxa8 h4 51. Kc5 h3 52. Kd6 h2 53. Rh8 Kg3 1/2-1/2

[Event "Heart of Finland op 14th"]
[Site "Jyvaskyla"]
[Date "2004.07.21"]
[Round "1"]
[White "Aberg, Tomi"]
[Black "Nyback, Tomi"]
[Result "0-1"]
[WhiteElo "2048"]
[BlackElo "2562"]
[PlyCount "59"]
[EventDate "2004.07.21"]
[EventType "swiss"]
[EventRounds "9"]
[EventCountry "FIN"]
[SourceTitle "EXT 2007"]
[Source "ChessBase"]
[SourceDate "2006.11.23"]
[SourceVersion "1"]
[SourceVersionDate "2006.11.23"]
[SourceQuality "1"]

1. e4 d6 2. d4 Nf6 3. Nc3 g6 4. f4 Bg7 5. Nf3 0-0 6. Be3 b6 7. Qd2 Bb7 8. Bd3 c5 9. 0-0-0 cxd4 10. Bxd4 Nc6 11. Bf2 Rc8 12. Qe2 Qc7 13. e5 dxe5 14. fxe5 Nh5 15. Nd5 Qb8 16. e6 Nf4 17. exf7+ Kh8 18. Nxf4 Qxf4+ 19. Be3 Qxf7 20. Bc4 Qf6 21. c3 Nb4 22. Bg5 Qf5 23. Be6 Bxf3 24. Bxf5 Bxe2 25. Bxc8 Nxa2+ 26. Kb1 Nxc3+ 27. bxc3 Bxd1 28. Ba6 Ba4 29. Bxe7 Rf2 30. g4 0-1

[Event "Vantaa We EtVaS EtVaS 30"]
[Site "Vantaa"]
[Date "2004.04.18"]
[Round "5"]
[White "Niemi, Kalle"]
[Black "Aberg, Tomi"]
[Result "0-1"]
[WhiteElo "2180"]
[BlackElo "2048"]
[PlyCount "88"]
[EventDate "2004.04.17"]
[EventType "swiss"]
[EventRounds "5"]
[EventCountry "FIN"]
[SourceTitle "EXT 2022"]
[Source "ChessBase"]
[SourceDate "2021.10.06"]
[SourceVersion "1"]
[SourceVersionDate "2021.10.06"]
[SourceQuality "1"]

1. e4 e5 2. Nf3 Nf6 3. Nxe5 d6 4. Nf3 Nxe4 5. Nc3 Nxc3 6. dxc3 Be7 7. Bf4 0-0 8. Qd2 Nd7 9. 0-0-0 Nf6 10. Kb1 Re8 11. Bd3 d5 12. h4 Bg4 13. Rdf1 Ne4 14. Qc1 Bc5 15. Nd4 Nd6 16. f3 Bd7 17. g4 Bxd4 18. cxd4 Bb5 19. Bxd6 Bxd3 20. Bxc7 Qxc7 21. cxd3 Qxc1+ 22. Rxc1 Re3 23. Rc5 Rxd3 24. Rxd5 Rxf3 25. Rd7 h5 26. gxh5 b6 27. Rc1 Rf2 28. b3 Re8 29. Rxa7 Ree2 30. Rd1 f5 31. d5 f4 32. d6 Rb2+ 33. Ka1 Rbd2 34. Rg1 Rxd6 35. Raxg7+ Kh8 36. h6 Rdd2 37. Ra7 f3 38. h7 Rg2 39. Rc1 Rg7 40. Ra8+ Kxh7 41. Rf8 f2 42. Rf1 Rg2 43. Rc8 Rg1 44. Rcc1 Rxf1 0-1